Guess the lyrics 2 :P - Statistics

General Stats
  • This quiz has been taken 40 times
  • The average score is 145 of 268
Answer Stats
Hint Answer % Correct
I
94%
a
91%
the
88%
you
81%
you,
81%
me
75%
that
75%
be
72%
to
72%
we
72%
your
72%
And
69%
and
69%
do
69%
is
69%
my
69%
on
69%
I'm
66%
it
66%
what
66%
know
63%
There
63%
there
63%
how
59%
in
59%
were
59%
don't
56%
like
56%
was
56%
would
56%
but
53%
have
53%
one
53%
You're
53%
you're
53%
not
50%
all
47%
are
47%
by
47%
had
47%
now,
47%
now
47%
say
47%
way
47%
gonna
44%
never
44%
us
41%
about
38%
day
38%
day,
38%
things
38%
you've
38%
Because
34%
out
31%
they're
31%
Today
31%
after
28%
back
28%
feels
28%
before,
25%
believe
25%
gotta
25%
many
25%
said
25%
anybody
22%
heart
22%
really
22%
should've
22%
word
22%
maybe
19%
realised
19%
saves
19%
street
19%
sure
19%
they'll
19%
throw
19%
wonderwall
19%
fire
16%
heard
16%
lead
16%
somehow
16%
blinding
13%
doubt
13%
lights
13%
roads
13%
walk
13%
winding
13%
backbeat,
6%
No matching quizzes found
Score Distribution
Percent of People with Each Score
Percentile by Number Answered
Your Score History
You have not taken this quiz